000 01030 a2200265 4500
003 OSt
005 20180116192352.0
008 120601t xxu||||| |||| 00| 0 eng d
010 _a 2009011291
020 _a9781933045955
040 _c0
082 0 0 _a745.2
100 1 _aPilloton, Emily.
_93245
245 1 0 _aDesign revolution :
_b100 products that empower people /
_cEmily Pilloton ; foreword by Allan Chochinov.
246 3 0 _a100 products that empower people
250 _a1st ed.
260 _aNew York, NY :
_bMetropolis Books,
_c2009.
300 _a300 p. :
_bill. ;
505 0 _aForeword / Allan Chochinov -- Design can change the world / Emily Pilloton -- Water -- Well-being -- Education -- Mobility -- Energy -- Food -- Play -- Enterprise -- Acknowledgments -- Illustration credits.
650 1 0 _aIndustrial design.
_93246
650 1 0 _aIndustrial art
_93247
650 1 0 _aDesign, Industrial
_93248
942 _aSADA
_cBK
_k745.2 PIL 2009
_2ddc
999 _c352983
_d352983